000 00376nam a2200157Ia 4500
008 230711s9999||||xx |||||||||||||| ||und||
041 _aENG
082 _a720
_bGU-S
100 _aSpiro Kostof
245 0 _aAmerica by design
250 _a1st Ed.
260 _c1987
_aNew Delhi
_bOxford & IBH Publishing Co.Pvt.Ltd.
300 _a388
650 _aArchitecture
942 _cBK
999 _c1823
_d1823